Laytime and demurrage
Αποθηκεύτηκε σε:
| Κύριος συγγραφέας: | |
|---|---|
| Μορφή: | Βιβλίο |
| Γλώσσα: | English |
| Δημοσίευση: |
London :
Lloyds of London Press,
c1996
|
| Έκδοση: | 3rd ed. |
| Θέματα: | |
| Ετικέτες: |
Προσθήκη ετικέτας
Δεν υπάρχουν, Καταχωρήστε ετικέτα πρώτοι!
|
MARC
| LEADER | 00000nam a2200000 i 4500 | ||
|---|---|---|---|
| 001 | 1/93317 | ||
| 008 | 991118s1996 eng d | ||
| 020 | |a 1-85044-899-X | ||
| 035 | |l 10054368 | ||
| 040 | |a GR-MY-UA |b | ||
| 041 | 0 | |a eng | |
| 082 | 0 | |a 343.410967 | |
| 100 | 1 | |a Schofield, John |q (John Allan) | |
| 245 | 1 | 0 | |a Laytime and demurrage / |c John Schofield |
| 250 | |a 3rd ed. | ||
| 260 | |a London : |b Lloyds of London Press, |c c1996 | ||
| 300 | |a xxxiv, 414 σ. | ||
| 504 | |a Περιλαμβάνει ευρετήριο | ||
| 650 | 0 | 0 | |a Lay days |z Great Britain. |
| 650 | 0 | 0 | |a Demurrage |z Great Britain. |
| 852 | |a INST |b CHIOS |e 19991118 |h 343.410967 SCH |p 005200016643 |q 005200016643 |t BK |y 0 | ||
| 852 | |a INST |b CHIOS |e 20000207 |h 343.410967 SCH |p 005200016796 |q 005200016796 |t BK |y 0 | ||
| 852 | |a INST |b CHIOS |e 20000207 |h 343.410967 SCH |p 005200016797 |q 005200016797 |t BK |y 0 | ||
| 901 | |a BIBL2-1999-3 | ||
| 909 | |a Χ |b 070050 | ||
| 909 | |a Χ |b 074125 | ||
| 909 | |a Χ |b 074126 | ||
| 922 | |a 2ΕΛΗ |b 199910 |c ΤΔΕ |d GLORYBOOK-ECONOMIST | ||
| 922 | |a 2ΕΛΗ |b 199912 |c ΤΔΕ |d GLORYBOOK-ECONOMIST | ||
| 950 | |a 112-1999-08-31 | ||
| 970 | |a ΣΑΛΑΜΟΥΡΑ |b ΜΑΡΙΑ |z 1999/11/19 | ||